000 00507nam a2200121Ia 4500
008 160712s9999 xx 000 0 und d
100 _aMelgar, Teresa R.
245 _cTeresa R. Melgar
_aThe Perilous Paths of Deeper Democracy: Understanding the Rise and Decline of Participatory Budgeting in Porto Alegre, Brazil
260 _c2015
_bSocial Science Diliman
300 _avol. 11 no. 2
650 _xSOCIAL SCIENCE
856 _uhttp://journals.upd.edu.ph/index.php/socialsciencediliman/issue/view/510/showToc
999 _c297117
_d297117